Geografía de América por letra - O - Estadísticas

Estadísticas generales
  • Esta prueba ha sido intentada 192 veces
  • La puntuación promedio es 8 de 15
Estadísticas de respuestas
Pista Respuesta % Correcto
Capital de Canadá Ottawa
99%
Esta ciudad queda muy cerca de Disney Orlando
92%
Este estado estadounidense no tiene una bandera rectangular Ohio
88%
Provincia más poblada de Canadá Ontario
81%
Este estado mexicano es famoso por su gastronomía Oaxaca
77%
Hay una teoría que este estado de EE. UU. toma su nombre de una especie Oregón
77%
Uno de los ríos más caudalosos del mundo Orinoco
71%
Venezuela actualmente es el único país americano de esta organización OPEP
47%
Cultura precolombina del sur del Golfo de México Olmeca
43%
El nombre de este departamento haitiano tendría más sentido si no fuera en el centro-sur del país Oeste
38%
Comuna chilena nombrado por un militar del siglo XIX O'Higgins
35%
Entre las ciudades más pobladas de Bolivia, esta ciudad está más cerca del lago Poopó Oruro
26%
Nombre alternativo para Citlaltépetl, el punto más alto de México Pico de {Orizaba}
20%
Segunda cima más alta de América Nevado {Ojos del Salado}
18%
La isla más grande en el Gran Lago de Nicaragua Ometepe
5%
No se encontraron pruebas coincidentes
Distribución de puntuación
Porcentaje de gente con cada puntuación
Porcentaje por número respondido
Historial de tus puntuaciones
No has intentado esta prueba.